Bibliografía económica dominicana 1999-2000 / (Registro nro. 12742)

Detalles MARC
000 -LIDER
fixed length control field 01269nam a22003017a 4500
003 - IDENTIFICACDOR DE NÚMERO DE CONTROL
control field DO-SdBNP
005 - DATE AND TIME OF LATEST TRANSACTION
control field 20221122073621.0
008 - ELEMENTOS DE LONGITUD FIJA
fixed length control field 171101b 2002 dr 00| 0 spa d
020 ## - ISBN
International Standard Book Number 9993430375
040 ## - FUENTE DE CATALOGACIÓN
Agencia que crea de manera original el registro BPMSU
Idioma de catalogación spa
Agencia que realiza la transcripción BPMSU
082 ## - NÚMERO DE CLASIFICACIÓN DECIMAL DE DEWEY
Classification number R016.3397293
Item number B582e 2002
Edition number 22
245 00 - MENCIÓN DE TITULO
Título Bibliografía económica dominicana 1999-2000 /
Mención de responsabilidad Compilada por la Biblioteca del Banco Central de la República Dominicana.
260 ## - PUBLICACIÓN, DISTRIBUCIÓN, ETC. (PIE DE IMPRENTA)
Lugar de publicación, distribución, etc Santo Domingo :
Nombre del editor, distribuidor, etc. Banco Central de la República Dominicana,
Fecha de publicación, distribución, etc 2002.
300 ## - DESCRIPCIÓN FÍSICA
Extensión xxx, 313 p. ;
Dimensiones 23 cm.
490 0# - MENCIÓN DE SERIES
Mención de serie Banco Central de la República Dominicana ;
Volume/sequential designation 45/6
490 1# - MENCIÓN DE SERIES
Mención de serie Bibliografía
Volume/sequential designation 6
500 ## - NOTA GENERAL
Nota general Incluye índices
590 ## - NOTA LOCAL
Texto de la nota local Inventariado, 2022/VM
650 ## - ENCABEZAMIENTO DE MATERIA--TEMÁTICO
Término temático o nombre geográfico como elemento de entrada República Dominicana -- Condiciones Económicas -- 2001-2002 -- Bibliografías | República Dominicana -- Política Económica -- 2001-2002 -- Bibliografías
651 #4 - ENCABEZAMIENTO DE MATERIA--NOMBRE GEOGRÁFICO
Nombre geográfico República Dominicana
Subdivisión temática general Condiciones Económicas
Subdivisión cronológica 1999-2000
Subdivisión de forma Bibliografías
651 #4 - ENCABEZAMIENTO DE MATERIA--NOMBRE GEOGRÁFICO
Nombre geográfico República Dominicana
Subdivisión temática general Política Económica
Subdivisión cronológica 1999-2000
Subdivisión de forma Bibliografías
710 2# - ASIENTO SECUNDARIO -- NOMBRE CORPORATIVO
Nombre corporativo o de jurisdicción Banco Central (República Dominicana)
830 #0 - ASIENTO SECUNDARIO DE SERIE--TÍTULO UNIFORME
Título uniforme Bibliografía
Número de la parte o sección de una obra 6
910 ## - VALIDACIÓN
Validación VMateo V./Validado
942 ## - ADDED ENTRY ELEMENTS (KOHA)
Source of classification or shelving scheme Dewey Decimal Classification
Koha item type Libros
945 ## - INFORMACIÓN DE PROCESAMIENTO LOCAL
Información de procesamiento local Inventariado, 2018 /LP
956 ## - LOCAL ELECTRONIC LOCATION AND ACCESS (OCLC)
Nombre de host BTAVAREZ
Número de acceso 10
Información de compresión 20170111
Trayectoria 0038
Existencias
Withdrawn status Lost status Source of classification or shelving scheme Damaged status Not for loan Collection code Home library Current library Date acquired Source of acquisition Full call number Barcode Date last seen Price effective from Koha item type Copy number Total Checkouts
    Dewey Decimal Classification     Colección Dominicana Biblioteca Pública Metropolitana Salomé Ureña Biblioteca Pública Metropolitana Salomé Ureña 11/01/2017 DOMINICO AMERICANO BPMSU CDR R016.337293 B582e 2002 BPMSU17110011 11/01/2017 11/01/2017 Libros    
    Dewey Decimal Classification     Colección Dominicana Biblioteca Pública Metropolitana Salomé Ureña Biblioteca Pública Metropolitana Salomé Ureña 11/01/2017 DOMINICO AMERICANO BPMSU CDR R016.337293 B582e 2002 BPMSU17110012 11/01/2017 11/01/2017 Libros e.2  
    Dewey Decimal Classification     Colección Dominicana Biblioteca Pública Metropolitana Salomé Ureña Biblioteca Pública Metropolitana Salomé Ureña 11/01/2017 Banco Central BPMSU CDR R016.337293 B582e 2002 BPMSU22110025 11/22/2022 11/01/2017 Libros e.3